00845cam a22002531 4500001001300000003000400013005001700017008004100034010001700075025001800092035001900110040002500129042001200154043001200166050001600178110003900194245015600233260005700389300005000446650002100496650003200517700002500549999001700574sa 65002336 DLC20260227112116.0780906s1960 pk ac 000 0 eng  asa 65002336  aPL480:P-E-585 a(OCoLC)4201196 aDLCcNcRSdNcRSdDLC apremarc aa-pk---00aTS1542b.P32 aPakistan Central Cotton Committee.10aTechnological research on Pakistani cottons;ban account of the work carried out at I.C.C.C.'s institute at Matunga under the direction of Nazir Ahmad. aKarachi,bPakistan Central Cotton Committeec[1960?] aiii, 281 p.billus. (part col.) port.c25 cm. 0aCottonxTesting. 0aCottonxResearchzPakistan.1 aAhmad, Nazir,d1891- c62590d62590